000 02388cam a2200193 4500500
005 20260201094954.0
041 _afre
042 _adc
100 1 0 _aDUBÉ, Bernard
_eauthor
700 1 0 _aFacal, Joseph
_eauthor
700 1 0 _aMazouz, Bachir
_eauthor
245 0 0 _aLa communication, un outil de gouvernance des partenariats public-privé.
260 _c2009.
500 _a96
520 _aDes rapports communicationnels bien maîtrisés dans le cadre des projets conçus, réalisés, financés et/ou exploités en PPP sont déterminants pour leur bonne gouvernance. Parce que la sphère privée et la sphère publique constituent des espaces spécifiques d’agencement de modes de production de biens ou de services, leurs configurations organisationnelles, mécanismes de coordination, structures et processus de fonctionnement sont différentes. La théorie de l’agir communicationnel de Jürgen Habermas offre la possibilité de se référer à un cadre conceptuel faisant de la communication un outil de gouvernance des PPP. L’étude de cas à laquelle cet article est consacrée illustre bien l’importance des rapports communicationnels, au sein de deux instances de direction de BonjourQuébec.com, qui est un PPP entre Tourisme-Québec et Bell.
520 _a– Communication as a governance tool in PPPs : some lessons learnt from the case of Bonjourquébec.com – Well-managed communicative relationships within projects that have been designed, developed, financed and/or run as PPPs are decisive in ensuring their good governance. Because the private and public spheres constitute distinct spaces for organising modes of production of goods or services, the way they are organised, co-ordinated and managed varies. Jürgen Habermas’s theory of communicative action offers us the possibility to refer to a conceptual framework that views communication as tool of governance for PPPs. The case study to which this article is devoted clearly illustrates the importance of communicative relationships within two management bodies at BonjourQuébec.com, which is a PPP involving the Quebec tourism agency and Bell Company.
786 0 _nRevue française d'administration publique | 130 | 2 | 2009-08-28 | p. 291-306 | 0152-7401
856 4 1 _uhttps://droit.cairn.info/revue-francaise-d-administration-publique-2009-2-page-291?lang=fr&redirect-ssocas=7080
999 _c1640807
_d1640807